Getting research grants : A practical guide (Record no. 395444)

MARC details
000 -LEADER
fixed length control field 00556 a2200217 4500
005 - DATE & TIME
control field 20260417132654.0
008 - FIXED-LENGTH DATA ELEMENTS--GENERAL INFORMATION
fixed length control field 260417b |||||||| |||| 00| 0 eng d
020 ## - ISBN
International Standard Book Number 9789390658626
Price Rs. 1995.00
040 ## - CATALOGING SOURCE
Original cataloging agency VIVEKANANDA LIBRARY
082 ## - DDC NUMBER
Classification number 001.44
Book Number S77G
100 ## - MAIN ENTRY--PERSONAL NAME
Personal name Suresh, S
245 ## - TITLE STATEMENT
Title Getting research grants : A practical guide
260 ## - PUBLICATION, DISTRIBUTION, ETC. (IMPRINT)
Name of publisher, distributor, etc Ane Books
Date of publication, distribution, etc 2026
Place of publication, distribution, etc New Delhi
300 ## - PHYSICAL DESCRIPTION
Pages viii, 404
650 ## - Subject
Subject Knowledge
650 ## - Subject
Subject Computer Science
650 ## - Subject
Subject Research Methods
700 ## - Added Entry Personal Name
Added Entry Personal Name Kumar, S N
700 ## - Added Entry Personal Name
Added Entry Personal Name Zafar, Sherin
942 ## - ADDED ENTRY ELEMENTS (KOHA)
Koha item type Books
Holdings
Withdrawn status Lost status Source of classification or shelving scheme Damaged status Not for loan Location (home branch) Sublocation or collection (holding branch) Shelving location Date acquired Koha issues (times borrowed) Koha full call number Accession No. Koha date last seen Koha item type
    Dewey Decimal Classification     VIVEKANANDA LIBRARY VIVEKANANDA LIBRARY Vivekananda Library 25/03/2026   001.44 S77G 438891 25/03/2026 Books
© Designed and Maintained by Vivekananda Library, MDU Rohtak